[Event "37th Reykjavik op"]
[Site "Reykjavik ISL"]
[Date "2024.03.18"]
[Round "6.10"]
[White "Deac, Bogdan-Daniel"]
[Black "Steingrimsson, Hedinn"]
[WhiteElo "2690"]
[BlackElo "2477"]
[Result "1-0"]
[EventDate "2024.03.15"]
[PlyCount "68"]

1. e4 { [%eval 0.13] [%clk 1:30:41] } 1... e5 { [%eval 0.17] [%clk 1:28:00] } 2. Nf3 { [%eval 0.21] [%clk 1:31:07] } 2... Nc6 { [%eval 0.13] [%clk 1:28:23] } 3. Bb5 { [%eval 0.21] [%clk 1:31:25] } 3... Nf6 { [%eval 0.12] [%clk 1:26:05] } 4. O-O { [%eval 0.11] [%clk 1:31:45] } 4... Bc5 { [%eval 0.56] [%clk 1:26:00] } 5. Nxe5 { [%eval 0.34] [%clk 1:31:52] } 5... Nxe5 { [%eval 0.69] [%clk 1:26:17] } 6. d4 { [%eval 0.75] [%clk 1:32:19] } 6... c6 { [%eval 0.6] [%clk 1:25:55] } 7. dxe5 { [%eval 0.58] [%clk 1:14:50] } 7... Nxe4 { [%eval 0.71] [%clk 1:26:14] } 8. Bd3 { [%eval 0.62] [%clk 1:15:01] } 8... d5 { [%eval 0.73] [%clk 1:25:31] } 9. exd6 { [%eval 0.64] [%clk 1:14:25] } 9... Nf6 { [%eval 0.62] [%clk 1:25:29] } 10. Bg5 { [%eval 0.37] [%clk 0:57:10] } 10... Bxd6 { [%eval 0.35] [%clk 1:11:23] } 11. Nc3 { [%eval 0.42] [%clk 0:49:15] } 11... Qc7?! { [%eval 1.49] } { Inaccuracy. Be6 was best. } { [%clk 1:05:19] } (11... Be6 12. Qf3 h6 13. Bh4 O-O 14. Rfe1 Re8 15. Ne4 Be7 16. Rad1 Nxe4 17. Qxe4 Bxh4 18. Qh7+) 12. Bxf6 { [%eval 1.4] [%clk 0:47:18] } 12... gxf6 { [%eval 1.39] [%clk 1:04:57] } 13. Ne4 { [%eval 1.29] [%clk 0:47:23] } 13... Bxh2+ { [%eval 1.1] [%clk 1:00:01] } 14. Kh1 { [%eval 1.63] [%clk 0:47:45] } 14... Be5 { [%eval 1.61] [%clk 1:00:26] } 15. f4?! { [%eval 0.72] } { Inaccuracy. Qh5 was best. } { [%clk 0:45:08] } (15. Qh5) 15... Bxb2?! { [%eval 1.56] } { Inaccuracy. f5 was best. } { [%clk 0:55:23] } (15... f5) 16. Rb1 { [%eval 1.39] [%clk 0:44:44] } 16... f5 { [%eval 1.45] [%clk 0:54:52] } 17. Ng3 { [%eval 1.05] [%clk 0:40:41] } 17... Bf6 { [%eval 1.07] [%clk 0:49:37] } 18. Bxf5 { [%eval 1.05] [%clk 0:39:28] } 18... Bxf5 { [%eval 1.07] [%clk 0:36:47] } 19. Nxf5 { [%eval 1.04] [%clk 0:39:55] } 19... Rd8 { [%eval 1.01] [%clk 0:36:54] } 20. Re1+ { [%eval 0.63] [%clk 0:31:31] } 20... Kf8 { [%eval 0.82] [%clk 0:36:24] } 21. Qh5 { [%eval 0.63] [%clk 0:31:46] } 21... h6 { [%eval 0.69] [%clk 0:36:36] } 22. Re4 { [%eval 0.72] [%clk 0:31:23] } 22... Qd7 { [%eval 0.82] [%clk 0:23:43] } 23. c4 { [%eval 0.68] [%clk 0:31:01] } 23... b6 { [%eval 0.92] [%clk 0:22:56] } 24. Rbe1 { [%eval 0.78] [%clk 0:31:21] } 24... a6 { [%eval 0.83] [%clk 0:22:08] } 25. Kh2 { [%eval 1.07] [%clk 0:25:06] } 25... b5 { [%eval 1.09] [%clk 0:21:08] } 26. Ne3 { [%eval 0.93] [%clk 0:18:09] } 26... Bd4?! { [%eval 1.64] } { Inaccuracy. bxc4 was best. } { [%clk 0:04:57] } (26... bxc4 27. Rd1 Qc7 28. Rxd8+ Bxd8 29. Rxc4 Qd6 30. Qf3 Qf6 31. Rxc6 Qh4+ 32. Kg1 Qe1+ 33. Nf1) 27. Nf5?! { [%eval 0.85] } { Inaccuracy. c5 was best. } { [%clk 0:07:25] } (27. c5 Re8 28. Rxe8+ Qxe8 29. Nc2 Qb8 30. Re4 Bb2 31. Nd4 Bxd4 32. Rxd4 Qe8 33. Rd6 Qe7) 27... Bf6 { [%eval 1.88] [%clk 0:05:21] } 28. Ne3?! { [%eval 0.9] } { Inaccuracy. c5 was best. } { [%clk 0:07:46] } (28. c5 Qd5 29. Re5 Bxe5 30. Rxe5 Qd7 31. Nd6 Rh7 32. f5 f6 33. Re6 Kg8 34. Rxf6 Rf8) 28... Bd4?! { [%eval 1.8] } { Inaccuracy. bxc4 was best. } { [%clk 0:05:45] } (28... bxc4 29. Rd1) 29. c5 { [%eval 1.86] [%clk 0:06:15] } 29... Bxe3?! { [%eval 3.09] } { Inaccuracy. Re8 was best. } { [%clk 0:04:09] } (29... Re8 30. Rxe8+) 30. R1xe3 { [%eval 2.97] [%clk 0:06:41] } 30... Qd5?! { [%eval 4.63] } { Inaccuracy. Rh7 was best. } { [%clk 0:04:06] } (30... Rh7 31. f5) 31. Re5 { [%eval 4.18] [%clk 0:06:10] } 31... Qxa2?? { [%eval #9] } { Checkmate is now unavoidable. Qd7 was best. } { [%clk 0:04:04] } (31... Qd7 32. Qh4) 32. Qh4 { [%eval #8] [%clk 0:06:18] } 32... Kg7 { [%eval #7] [%clk 0:02:47] } 33. Rg3+ { [%eval #6] [%clk 0:06:05] } 33... Kh7 { [%eval #6] [%clk 0:03:10] } 34. Rh5 { [%eval #8] [%clk 0:05:51] } 34... Rde8 { [%eval #1] [%clk 0:30:00] } 1-0

[Event "37th Reykjavik op"]
[Site "Reykjavik ISL"]
[Date "2024.03.18"]
[Round "6.12"]
[White "Manish, Anto Cristiano F"]
[Black "Suleymenov, Alisher"]
[WhiteElo "2286"]
[BlackElo "2506"]
[Result "0-1"]
[EventDate "2024.03.15"]
[PlyCount "68"]

1. e4 { [%eval 0.13] [%clk 1:27:44] } 1... c5 { [%eval 0.33] [%clk 1:29:38] } 2. Nf3 { [%eval 0.22] [%clk 1:26:15] } 2... d6 { [%eval 0.0] [%clk 1:30:03] } 3. d4 { [%eval 0.18] [%clk 1:26:24] } 3... cxd4 { [%eval 0.13] [%clk 1:30:27] } 4. Nxd4 { [%eval 0.27] [%clk 1:26:07] } 4... Nf6 { [%eval 0.3] [%clk 1:30:52] } 5. Nc3 { [%eval 0.21] [%clk 1:26:25] } 5... a6 { [%eval 0.24] [%clk 1:31:18] } 6. Bg5 { [%eval 0.0] [%clk 1:26:30] } 6... e6 { [%eval 0.08] [%clk 1:31:38] } 7. f4 { [%eval 0.14] [%clk 1:26:30] } 7... h6 { [%eval 0.0] [%clk 1:32:01] } 8. Bh4 { [%eval 0.41] [%clk 1:26:43] } 8... Nbd7 { [%eval 0.33] [%clk 1:32:23] } 9. Qe2 { [%eval 0.3] [%clk 1:26:00] } 9... e5 { [%eval 0.34] [%clk 1:32:45] } 10. fxe5 { [%eval 0.28] [%clk 1:25:10] } 10... Nxe5 { [%eval 0.26] [%clk 1:33:08] } 11. O-O-O { [%eval 0.31] [%clk 1:23:10] } 11... Be7 { [%eval 0.29] [%clk 1:33:33] } 12. Kb1 { [%eval 0.15] [%clk 1:11:24] } 12... O-O { [%eval 0.21] [%clk 1:33:29] } 13. Bg3 { [%eval -0.13] [%clk 0:55:05] } 13... Qc7 { [%eval 0.0] [%clk 1:18:44] } 14. Nf5 { [%eval 0.0] [%clk 0:53:06] } 14... Bxf5 { [%eval 0.0] [%clk 1:13:00] } 15. exf5 { [%eval -0.12] [%clk 0:53:28] } 15... Rac8 { [%eval 0.22] [%clk 1:12:24] } 16. Bxe5?! { [%eval -0.78] } { Inaccuracy. Bh4 was best. } { [%clk 0:47:29] } (16. Bh4 Rfe8 17. Bxf6 Bxf6 18. Nd5 Qd8 19. c3 b5 20. Qf2 Rc5 21. Be2 Nd7 22. h4 Re5) 16... dxe5 { [%eval -0.64] [%clk 1:12:49] } 17. g4? { [%eval -1.94] } { Mistake. Nd5 was best. } { [%clk 0:47:29] } (17. Nd5) 17... Qb6?! { [%eval -0.94] } { Inaccuracy. Ba3 was best. } { [%clk 1:09:02] } (17... Ba3 18. Ne4 Qb6 19. Nxf6+ gxf6 20. c3 Rxc3 21. h4 Rfc8 22. Rh3 Rxh3 23. Bxh3 Rc4 24. Rd2) 18. Rd3 { [%eval -0.82] [%clk 0:35:00] } 18... Bb4 { [%eval -1.06] [%clk 0:59:55] } 19. Ne4 { [%eval -1.03] [%clk 0:30:25] } 19... Nxe4 { [%eval -0.83] [%clk 0:57:12] } 20. Qxe4 { [%eval -1.11] [%clk 0:30:47] } 20... Bc3 { [%eval -1.31] [%clk 0:57:10] } 21. b3 { [%eval -1.23] [%clk 0:27:25] } 21... Qc5 { [%eval -1.41] [%clk 0:37:22] } 22. f6 { [%eval -1.19] [%clk 0:21:08] } 22... gxf6?! { [%eval -0.44] } { Inaccuracy. Bd4 was best. } { [%clk 0:30:31] } (22... Bd4 23. c4) 23. Rxc3?? { [%eval -2.5] } { Blunder. h4 was best. } { [%clk 0:17:05] } (23. h4 Bd4) 23... Qxc3 { [%eval -2.48] [%clk 0:30:55] } 24. Bd3 { [%eval -2.43] [%clk 0:17:13] } 24... Rfd8 { [%eval -2.2] [%clk 0:30:04] } 25. Qh7+ { [%eval -2.28] [%clk 0:12:51] } 25... Kf8 { [%eval -2.24] [%clk 0:30:30] } 26. Rf1 { [%eval -2.52] [%clk 0:11:47] } 26... Ke7?! { [%eval -1.57] } { Inaccuracy. Rc6 was best. } { [%clk 0:26:14] } (26... Rc6 27. h4 Rxd3 28. Qxd3 Qxd3 29. cxd3 Kg7 30. h5 b5 31. Kb2 b4 32. Re1 a5 33. Re4) 27. Qxh6?! { [%eval -2.78] } { Inaccuracy. Bg6 was best. } { [%clk 0:10:54] } (27. Bg6 Rf8 28. Be4 Qb4 29. Qf5 Qd6 30. Qh5 Rg8 31. Qxh6 Rxg4 32. Bf5 Rcg8 33. Bxg4 Rxg4) 27... Rc6 { [%eval -3.2] [%clk 0:26:18] } 28. Qh7 { [%eval -3.96] [%clk 0:10:34] } 28... a5 { [%eval -3.41] [%clk 0:14:30] } 29. g5?! { [%eval -4.55] } { Inaccuracy. Bg6 was best. } { [%clk 0:07:30] } (29. Bg6 Rf8) 29... Rxd3 { [%eval -4.34] [%clk 0:13:34] } 30. cxd3?! { [%eval -6.74] } { Inaccuracy. Qxd3 was best. } { [%clk 0:07:21] } (30. Qxd3 Qxd3 31. cxd3 fxg5 32. b4 Rb6 33. a3 axb4 34. a4 Ke6 35. Rg1 Kf5 36. Rf1+ Kg6) 30... Qc2+ { [%eval -6.42] [%clk 0:14:00] } 31. Ka1 { [%eval -6.42] [%clk 0:07:45] } 31... Qd2?! { [%eval -5.02] } { Inaccuracy. Qc3+ was best. } { [%clk 0:14:14] } (31... Qc3+ 32. Kb1 Qc2+ 33. Ka1 a4 34. gxf6+ Rxf6 35. Qh4 Qc3+ 36. Kb1 Qxd3+ 37. Kb2 Qxf1 38. Qb4+) 32. gxf6+ { [%eval -6.28] [%clk 0:07:29] } 32... Rxf6 { [%eval -6.38] [%clk 0:14:09] } 33. Qh3 { [%eval -6.87] [%clk 0:06:55] } 33... a4 { [%eval -6.48] [%clk 0:13:56] } 34. Kb1?? { [%eval #-3] } { Checkmate is now unavoidable. Qh4 was best. } { [%clk 0:02:40] } (34. Qh4 Qc3+ 35. Kb1 Qxd3+ 36. Kb2 Qxf1 37. Qb4+ Rd6 38. Qc5 Kd7 39. Qxe5 Rd2+ 40. Kc3 Qd3+) 34... a3 { [%eval #-2] [%clk 0:13:54] } 0-1

[Event "37th Reykjavik op"]
[Site "Reykjavik ISL"]
[Date "2024.03.18"]
[Round "6.13"]
[White "Harish, Neeraj"]
[Black "Balakrishnan, Praveen"]
[WhiteElo "2090"]
[BlackElo "2490"]
[Result "0-1"]
[EventDate "2024.03.15"]
[PlyCount "68"]

1. e4 { [%eval 0.13] [%clk 1:30:57] } 1... c5 { [%eval 0.33] [%clk 1:17:04] } 2. Nf3 { [%eval 0.22] [%clk 1:31:11] } 2... e6 { [%eval 0.41] [%clk 1:17:28] } 3. d4 { [%eval 0.42] [%clk 1:31:34] } 3... cxd4 { [%eval 0.26] [%clk 1:17:52] } 4. Nxd4 { [%eval 0.4] [%clk 1:31:58] } 4... Nc6 { [%eval 0.37] [%clk 1:18:17] } 5. Nc3 { [%eval 0.33] [%clk 1:32:22] } 5... Qc7 { [%eval 0.4] [%clk 1:18:42] } 6. Be3 { [%eval 0.32] [%clk 1:31:26] } 6... a6 { [%eval 0.41] [%clk 1:19:02] } 7. g4 { [%eval 0.38] [%clk 1:31:12] } 7... h6 { [%eval 0.42] [%clk 1:19:18] } 8. Qd2 { [%eval 0.21] [%clk 1:29:03] } 8... Ne5 { [%eval 0.33] [%clk 1:19:18] } 9. Be2 { [%eval 0.09] [%clk 1:23:41] } 9... b5 { [%eval 0.05] [%clk 1:19:15] } 10. O-O-O { [%eval 0.0] [%clk 1:22:14] } 10... Nf6 { [%eval 0.0] [%clk 1:15:33] } 11. f3 { [%eval 0.0] [%clk 1:21:55] } 11... b4 { [%eval 0.0] [%clk 1:15:40] } 12. Na4 { [%eval 0.0] [%clk 1:20:17] } 12... d5 { [%eval 0.24] [%clk 1:14:44] } 13. Nb3?! { [%eval -0.6] } { Inaccuracy. h4 was best. } { [%clk 1:15:03] } (13. h4 Nexg4) 13... Bb7 { [%eval -0.71] [%clk 1:13:27] } 14. Nac5 { [%eval -0.58] [%clk 1:03:31] } 14... dxe4 { [%eval -0.61] [%clk 1:12:44] } 15. Nxb7 { [%eval -0.59] [%clk 0:55:45] } 15... Qxb7 { [%eval -0.56] [%clk 1:10:26] } 16. f4?! { [%eval -1.29] } { Inaccuracy. fxe4 was best. } { [%clk 0:49:00] } (16. fxe4) 16... Nf3 { [%eval -1.32] [%clk 0:42:35] } 17. Bxf3 { [%eval -1.32] [%clk 0:47:32] } 17... exf3 { [%eval -1.39] [%clk 0:42:55] } 18. f5?! { [%eval -2.44] } { Inaccuracy. Bd4 was best. } { [%clk 0:40:46] } (18. Bd4 Rd8) 18... Be7 { [%eval -2.42] [%clk 0:37:47] } 19. Nc5?! { [%eval -3.27] } { Inaccuracy. fxe6 was best. } { [%clk 0:36:19] } (19. fxe6 O-O) 19... Qc6 { [%eval -3.04] [%clk 0:32:52] } 20. fxe6?! { [%eval -4.73] } { Inaccuracy. Nd3 was best. } { [%clk 0:36:02] } (20. Nd3 Rd8 21. Qe1 O-O 22. g5 Rc8 23. Rd2 Ne4 24. f6 f2 25. Nxf2 Nxd2 26. Qxd2 Rfd8) 20... Bxc5 { [%eval -4.69] [%clk 0:30:50] } 21. g5 { [%eval -4.83] [%clk 0:31:14] } 21... Ne4 { [%eval -4.63] [%clk 0:26:02] } 22. exf7+ { [%eval -5.04] [%clk 0:30:51] } 22... Kxf7 { [%eval -5.11] [%clk 0:25:40] } 23. Qd3 { [%eval -5.13] [%clk 0:25:56] } 23... Rhd8 { [%eval -5.12] [%clk 0:25:03] } 24. Qb3+ { [%eval -5.24] [%clk 0:25:03] } 24... Qe6 { [%eval -5.21] [%clk 0:24:13] } 25. g6+ { [%eval -5.11] [%clk 0:24:33] } 25... Kf6 { [%eval -5.03] [%clk 0:24:26] } 26. Rdf1 { [%eval -5.42] [%clk 0:19:52] } 26... Qxb3 { [%eval -5.41] [%clk 0:23:07] } 27. Rxf3+ { [%eval -5.43] [%clk 0:20:17] } 27... Kxg6 { [%eval -5.33] [%clk 0:23:11] } 28. axb3 { [%eval -5.38] [%clk 0:20:34] } 28... Rf8 { [%eval -5.39] [%clk 0:23:04] } 29. Rh3 { [%eval -5.23] [%clk 0:20:23] } 29... Rae8 { [%eval -5.33] [%clk 0:22:24] } 30. Bxc5 { [%eval -5.42] [%clk 0:20:14] } 30... Nxc5 { [%eval -5.37] [%clk 0:22:46] } 31. Rg1+ { [%eval -5.31] [%clk 0:20:03] } 31... Kh7 { [%eval -5.09] [%clk 0:23:02] } 32. c3 { [%eval -5.65] [%clk 0:19:08] } 32... bxc3 { [%eval -5.28] [%clk 0:23:00] } 33. Rxc3 { [%eval -5.19] [%clk 0:19:31] } 33... Rc8 { [%eval -5.18] [%clk 0:22:58] } 34. Kb1 { [%eval -5.08] [%clk 0:19:44] } 34... Ne4 { [%eval -5.13] [%clk 0:23:22] } 0-1

[Event "37th Reykjavik op"]
[Site "Reykjavik ISL"]
[Date "2024.03.18"]
[Round "6.14"]
[White "Sanitt, Ethan"]
[Black "Kjartansson, Gudmundur"]
[WhiteElo "1914"]
[BlackElo "2465"]
[Result "0-1"]
[EventDate "2024.03.15"]
[PlyCount "76"]

1. c4 { [%eval 0.16] [%clk 1:30:58] } 1... e5 { [%eval 0.25] [%clk 1:30:41] } 2. g3 { [%eval 0.13] [%clk 1:31:09] } 2... Nc6 { [%eval 0.31] [%clk 1:29:39] } 3. Nc3 { [%eval 0.39] [%clk 1:31:16] } 3... Bc5 { [%eval 0.4] [%clk 1:29:50] } 4. d3 { [%eval 0.39] [%clk 1:29:05] } 4... Nge7 { [%eval 0.41] [%clk 1:27:34] } 5. Nf3 { [%eval 0.17] [%clk 1:27:18] } 5... d6 { [%eval 0.62] [%clk 1:27:21] } 6. Bg2 { [%eval 0.35] [%clk 1:26:31] } 6... a6 { [%eval 0.66] [%clk 1:27:14] } 7. a3 { [%eval 0.32] [%clk 1:26:39] } 7... O-O { [%eval 0.54] [%clk 1:25:47] } 8. b4 { [%eval 0.3] [%clk 1:26:26] } 8... Ba7 { [%eval 0.32] [%clk 1:23:21] } 9. O-O { [%eval 0.31] [%clk 1:26:20] } 9... Be6 { [%eval 0.31] [%clk 1:17:47] } 10. e3 { [%eval 0.3] [%clk 1:25:52] } 10... Qd7 { [%eval 0.38] [%clk 1:15:21] } 11. Bb2 { [%eval 0.28] [%clk 1:25:14] } 11... f6 { [%eval 0.21] [%clk 1:09:35] } 12. Rc1 { [%eval 0.14] [%clk 1:24:26] } 12... d5 { [%eval 0.29] [%clk 1:05:49] } 13. c5 { [%eval -0.17] [%clk 1:15:20] } 13... Rae8 { [%eval -0.03] [%clk 1:03:43] } 14. b5 { [%eval -0.51] [%clk 1:08:19] } 14... axb5 { [%eval -0.49] [%clk 1:03:42] } 15. Nxb5 { [%eval -0.51] [%clk 1:08:24] } 15... Bb8 { [%eval -0.51] [%clk 1:03:44] } 16. Ne1 { [%eval -0.92] [%clk 1:04:55] } 16... Nd8 { [%eval -0.91] [%clk 1:02:18] } 17. Qa4 { [%eval -1.32] [%clk 1:04:14] } 17... c6 { [%eval -1.3] [%clk 1:01:40] } 18. Nc3 { [%eval -1.26] [%clk 1:03:17] } 18... Nf7 { [%eval -1.18] [%clk 0:56:19] } 19. f4?! { [%eval -1.95] } { Inaccuracy. Rb1 was best. } { [%clk 0:59:25] } (19. Rb1 Ng5 20. Bc1 Bh3 21. Bxh3 Nxh3+ 22. Kh1 Ng5 23. Qc2 Rf7 24. f4 exf4 25. gxf4 Ne6) 19... Bc7 { [%eval -1.52] [%clk 0:52:40] } 20. e4 { [%eval -1.28] [%clk 0:46:40] } 20... Ra8 { [%eval -0.98] [%clk 0:40:00] } 21. Qc2 { [%eval -0.89] [%clk 0:45:01] } 21... exf4 { [%eval -1.06] [%clk 0:34:54] } 22. gxf4 { [%eval -0.8] [%clk 0:45:00] } 22... dxe4 { [%eval -0.72] [%clk 0:35:15] } 23. dxe4 { [%eval -0.85] [%clk 0:41:43] } 23... Bc4 { [%eval -0.84] [%clk 0:34:54] } 24. Rd1? { [%eval -2.21] } { Mistake. Rf3 was best. } { [%clk 0:36:11] } (24. Rf3 Ng6 25. Nd1 Bb5 26. Bh3 Qe7 27. Ng2 Ra4 28. Nc3 Rc4 29. Kh1 Ba6 30. Rg1 Rxc5) 24... Qe6 { [%eval -2.41] [%clk 0:32:11] } 25. f5 { [%eval -2.48] [%clk 0:33:08] } 25... Qe5 { [%eval -2.45] [%clk 0:31:44] } 26. Nf3 { [%eval -2.51] [%clk 0:32:59] } 26... Qxc5+ { [%eval -2.5] [%clk 0:31:49] } 27. Rf2 { [%eval -2.29] [%clk 0:31:48] } 27... Rad8? { [%eval -0.85] } { Mistake. Qb6 was best. } { [%clk 0:24:18] } (27... Qb6 28. Rd7 Bb3 29. Qc1 Bd6 30. Nb1 Rfd8 31. Rxd8+ Rxd8 32. Bd4 c5 33. Be3 Qc6 34. Rb2) 28. Nd4?? { [%eval -3.77] } { Blunder. Rxd8 was best. } { [%clk 0:28:19] } (28. Rxd8 Rxd8) 28... Rxd4 { [%eval -3.82] [%clk 0:19:51] } 29. Rxd4 { [%eval -3.75] [%clk 0:28:43] } 29... Qxd4 { [%eval -3.84] [%clk 0:20:18] } 30. Nd5 { [%eval -3.78] [%clk 0:28:59] } 30... Qxf2+ { [%eval -3.66] [%clk 0:19:48] } 31. Qxf2 { [%eval -3.67] [%clk 0:27:47] } 31... cxd5 { [%eval -3.75] [%clk 0:20:14] } 32. exd5 { [%eval -3.84] [%clk 0:27:35] } 32... Nd6 { [%eval -3.43] [%clk 0:16:43] } 33. Qc5 { [%eval -3.59] [%clk 0:24:11] } 33... Rc8 { [%eval -3.55] [%clk 0:16:22] } 34. Qe3 { [%eval -4.03] [%clk 0:24:30] } 34... Nexf5 { [%eval -4.17] [%clk 0:13:51] } 35. Qe6+ { [%eval -4.92] [%clk 0:24:08] } 35... Kf8 { [%eval -4.82] [%clk 0:13:37] } 36. Bc3?! { [%eval -6.22] } { Inaccuracy. Qe1 was best. } (36. Qe1 Bb6+ 37. Kh1 Re8 38. Qa1 Re3 39. Bc3 Bc5 40. Qc1 Kg8 41. Bb4 Bxb4 42. axb4 b5) 36... Re8 { [%eval -6.19] [%clk 0:13:31] } 37. Qd7 { [%clk 0:20:43] } 37... Bb6+ { [%clk 0:13:34] } 38. Kh1 { [%clk 0:21:03] } 38... Bb5 { [%clk 0:13:59] } 0-1